| 000 | 00870nam a2200229Ia 4500 | ||
|---|---|---|---|
| 001 | 13315 | ||
| 003 | GE_BSU | ||
| 008 | 181216s||||||||xx |||||||||||||| ||und|| | ||
| 040 | _cGE_BSU | ||
| 080 | _a57 | ||
| 100 | _aТимирязев,К.А. | ||
| 245 | _aИзбранные сочинения в четырех томах. Т.1 | ||
| 245 | _bСолнце,жизнь и хлорофилл:публичные лекции,речи и научные исследования | ||
| 245 | _cРед.Л.М.Берцинская | ||
| 260 | _aМосква | ||
| 260 | _bОгиз-сельхозгиз | ||
| 260 | _c1948 | ||
| 300 | _a695стр.илл.22см. | ||
| 653 | _aИзбранные сочинения | ||
| 653 | _aСолнце,жизнь и хлорофилл:публичные лекции,речи и научные исследования | ||
| 942 | _cBK | ||
| 999 |
_c46477 _d46477 |
||